00846cam a2200229 a 450000100100000000500170001000800410002704000230006808200160009110000260010724500610013326000500019430000280024444000350027260000540030765000440036165000360040591000340044191000070047595201190048299900150060100000257920200929150221.0840124s1983 nq a 001 p spa  aDO-SdBNPcDLCdDLC a928.6bU82T1 aTirado, Manlio.9811810aConversando con José Coronel Urtecho /cManlio Tirado. aManagua, Nicaragua :bNueva Nicaragua,c1983. a143 p. :bil. ;c19 cm. 0aLetras de Nicaragua ;v59811914aCORONEL URTECHO, JOSÉ,y1906-xENTREVISTA98120 4aPoesía nicaragüenseySIGLO XX98121 4aLiteratura nicaragüense98122 aCatalogación por copia / LC aWM 001052708MOaGRbGRcHDd2009-07-10iLF1l0o928.6 U82Tp2579-10r2020-06-25w2020-06-25y2ZPréstamo interno c2415d2415